| 000 | 00550nam a22001817a 4500 | ||
|---|---|---|---|
| 005 | 20241010143700.0 | ||
| 010 | _aENG-142044 | ||
| 020 |
_a9788196850586 _c450.00 |
||
| 035 | _aEN-125576 | ||
| 037 | _bDBAD | ||
| 082 | 0 | 4 | _a530 |
| 100 |
_aAGRAWAL R.M _972576 |
||
| 245 | 1 | 0 |
_aI.C.S.E PHYSICS/ _cR.M. AGRAWAL |
| 260 |
_aAGRA _bKRISTON PUBLICATION PVt.ltd. _c2005 |
||
| 270 |
_a51, Ram Mohan VIhar, Dayal Bagh _bAGRA _e282005 _k7456999839 _minfo@kristonpublication.com |
||
| 300 |
_a392p. : _b28c.m(pb) |
||
| 942 |
_2ddc _cEN _h530 _mphy |
||
| 999 |
_c206254 _d206254 |
||